La cámara de Pandora. La fotografía después de la fotografía.

Guardat en:
Dades bibliogràfiques
Autor principal: Fontcuberta, Joan (autor)
Format: Llibre
Idioma:espanyol
Publicat: Barcelona, España: Gustavo Gili SL, 2013.
Edició:1ª edición.
Matèries:
Etiquetes: Afegir etiqueta
Sense etiquetes, Sigues el primer a etiquetar aquest registre!

MARC

LEADER 00000cam a2200000 a 4500
001 UCE1180
003 CL-VaPUC
005 20250321101910.0
008 140331e20130000sp |||||||||||||||||spa|d
999 |c 355065  |d 355063 
020 |a 9788425222887 
040 |c Pontificia Universidad Católica de Valparaíso 
082 0 4 |a 770.1 FON 2013  |2 21 
100 |a Fontcuberta, Joan  |e autor  |9 594961 
245 1 3 |a La cámara de Pandora.   |b La fotografía después de la fotografía. 
250 |a 1ª edición. 
260 |a Barcelona, España:  |b Gustavo Gili SL,   |c 2013. 
300 |a 191 páginas :  |b  ilustraciones. 
500 |a c.2-c.3. Instituto Arcos 8-1-2025 
583 |a last modification  |c 20140331 09:48:00  |k Rodrigo Vera 
650 0 |a Fotografías artísticas  |9 535989 
650 0 |a Fotografías artísticas  |x Estética   |x Crítica e interpretación   |9 895194 
650 0 |a Fotografía (Filosofía)  |9 895177 
942 |c BK  |2 ddc  |n 0 
945 |d 20140331 09:48:00  |a dcastane 
952 |0 0  |1 0  |3 erd  |4 0  |6 770_100000000000000_FON_2013  |7 0  |8 A  |9 461422  |a BIBART  |b BIBART  |i 506502K  |l 1  |m 1  |o 770.1 FON 2013  |p 506502K  |r 2025-03-13  |s 2023-04-26  |w 2019-11-23  |y BK  |z Catalogado en:20140331  |k ART 
952 |0 0  |1 0  |2 ddc  |4 0  |6 770_100000000000000_FON_2013  |7 0  |8 A  |9 599070  |a BIBINC  |b BIBINC  |d 2025-01-09  |e Instituto Arcos  |i 5664044  |o 770.1 FON 2013  |p 5664044  |r 2025-01-09  |t 2  |w 2025-01-09  |y BK  |k IFP 
952 |0 0  |1 0  |2 ddc  |4 0  |6 770_100000000000000_FON_2013  |7 0  |8 A  |9 599072  |a BIBINC  |b BIBINC  |d 2025-01-09  |e Instituto Arcos  |i 5664045  |o 770.1 FON 2013  |p 5664045  |r 2025-01-09  |t 3  |w 2025-01-09  |y BK  |k IFP